| 000 | 00440nam a2200205Ia 4500 | ||
|---|---|---|---|
| 005 | 20250425162016.0 | ||
| 008 | 250425s9999 xx 000 0 und d | ||
| 020 | _a9688807907 | ||
| 041 | _aspa | ||
| 082 | _a540 | ||
| 100 | _aDAUB, WIILIAM G. | ||
| 245 | 0 | _aQUIMICA | |
| 250 | _a7A ED. | ||
| 260 | _aMEXICO | ||
| 260 |
_aMéxico _bPRENTICE- HALL _c1996 |
||
| 300 | _a652 | ||
| 650 | _aQUIMICA | ||
| 942 | _c01 | ||
| 010 | _a40265 | ||
| 999 |
_c220541 _d220541 |
||